Non-archimedean analysis: a systematic approach to rigid analytic geometry

Uloženo v:
Podrobná bibliografie
Hlavní autoři: Bosch, Siegfried (Autor), Güntzer, Ulrich (Autor), Remmert, Reinhold (Autor)
Médium: Kniha
Jazyk:angličtina
Vydáno: Berlín Springer Verlag 1984
Vydání:1a. ed
Edice:Grundlehren der matematischen Wissenchaften, 261. A Series of Comprehensive Studies in Mathematics
Témata:
Tagy: Přidat tag
Žádné tagy, Buďte první, kdo vytvoří štítek k tomuto záznamu!

MARC

LEADER 00000cam a2200000 a 4500
001 UCF0845
003 CL-VaPUC
008 120614e19840000GW |||||||||||||||||eng|d
020 |a 3540125469 
082 0 4 |a 516.3  |b BOS  |2 21 
100 0 |a Bosch, Siegfried  |e author  |9 562538 
700 0 |a Güntzer, Ulrich  |e author  |9 562539 
700 0 |a Remmert, Reinhold  |e author  |9 562540 
245 1 0 |a Non-archimedean analysis: a systematic approach to rigid analytic geometry 
250 |a 1a. ed 
300 |a 436 p 
942 |c BK 
945 |d 20120614 00:00:00  |a cmena 
260 |a Berlín  |b Springer Verlag  |c 1984 
650 0 |a Geometría analítica   |9 260062 
650 0 |a Teoría de funciones   |9 374177 
650 0 |a Funciones (Matemáticas)  |9 338128 
583 |a last modification  |c 20130325 03:36:14  |k Rodrigo Vera 
490 0 |a Grundlehren der matematischen Wissenchaften, 261. A Series of Comprehensive Studies in Mathematics 
999 |c 347943  |d 347941 
952 |0 0  |1 0  |4 0  |6 516_300000000000000_BOS_1984  |7 0  |8 A  |9 449748  |a BIBMAT  |b BIBMAT  |d 2019-11-22  |i 4876067  |o 516.3 BOS 1984  |p 4876067  |r 2025-01-07  |w 2019-11-22  |y BK  |k MAT